000 00602nam a2200229Ia 4500
003 OSt
005 20220918175608.0
006 a|||||r|||| 00| 0
007 ta
008 220917b |||||||| |||| 00| 0 eng d
024 _a18,140
037 _cTextual
040 _aARTS
_cARTS
_beng
041 _2eng
_aeng
082 _aO:2J64:53, J71
100 _aShakespeare William
_9226
245 0 _aOthello the Moor of Venice ed by K Deighton
260 _c1957
650 _aENGLISH LITERATURE
942 _hO:2J64:53, J71
_cTEXL
_2CC
999 _c158273
_d158273